[Event "Caioba Copel op 5th"]
[Site "Caioba"]
[Date "2019.09.17"]
[Round "4"]
[White "Dos Santos, Edinei Ficher"]
[Black "Ramos, Beny Irwing Pankiew"]
[Result "0-1"]
[WhiteElo "1800"]
[BlackElo "1631"]
[PlyCount "82"]
[EventDate "2019.08.15"]
[EventType "swiss"]
[EventRounds "6"]
[EventCountry "BRA"]
[SourceTitle "EXT 2020"]
[Source "ChessBase"]
[SourceDate "2019.10.17"]
[SourceVersion "1"]
[SourceVersionDate "2019.10.17"]
[SourceQuality "1"]

1. e4 d6 2. d4 g6 3. Nf3 c6 4. b3 Bg7 5. Bb2 b5 6. Nbd2 Nf6 7. c4 bxc4 8. Bxc4 Ba6 9. e5 Nd5 10. 0-0 0-0 11. Rc1 Bxc4 12. Nxc4 Na6 13. a3 Bh6 14. Rc2 c5 15. dxc5 dxc5 16. Re1 Rb8 17. Rce2 Nf4 18. Rd2 Qc8 19. Ne3 Ne6 20. Nd5 Qb7 21. Rd3 c4 22. bxc4 Qxb2 23. Nxe7+ Kh8 24. Nc6 Rb7 25. h3 Nac5 26. Rd5 Qxa3 27. Nfd4 Rb2 28. Qg4 Qa2 29. Qf3 Qxc4 30. Rd1 Rb6 31. Nxe6 Nxe6 32. Nd4 Nxd4 33. R1xd4 Qc1+ 34. Rd1 Qc7 35. Rd7 Qxe5 36. Rxf7 Rbb8 37. Rxf8+ Rxf8 38. Qb7 Qg7 39. Qe4 Qf7 40. f3 Re8 41. Qd4+ Bg7 0-1

[Event "Caioba Copel op 5th"]
[Site "Caioba"]
[Date "2019.08.16"]
[Round "3"]
[White "Dos Santos, Edinei Ficher"]
[Black "Leszczynski, Taynara"]
[Result "1/2-1/2"]
[WhiteElo "1800"]
[BlackElo "1631"]
[PlyCount "105"]
[EventDate "2019.08.15"]
[EventType "swiss"]
[EventRounds "6"]
[EventCountry "BRA"]
[SourceTitle "EXT 2020"]
[Source "ChessBase"]
[SourceDate "2019.10.17"]
[SourceVersion "1"]
[SourceVersionDate "2019.10.17"]
[SourceQuality "1"]

1. d4 c5 2. Nf3 Nf6 3. Bg5 h6 4. Bh4 d5 5. e3 Nc6 6. Be2 Bf5 7. c3 c4 8. Nbd2 e6 9. 0-0 Be7 10. Ne5 0-0 11. f4 Ne4 12. Bxe7 Qxe7 13. Ndf3 f6 14. Nxc6 bxc6 15. Nh4 Bh7 16. Bh5 f5 17. Ng6 Bxg6 18. Bxg6 Qh4 19. Qh5 Qf6 20. Rf3 c5 21. g4 fxg4 22. Qxg4 Ng5 23. Rg3 Qxg6 24. fxg5 h5 25. Qe2 cxd4 26. exd4 Rf5 27. Re1 Re8 28. h4 Rf4 29. Qh2 Qf5 30. Qh3 Qf7 31. Rge3 Rf5 32. Re5 g6 33. Qe3 Rf8 34. Rxf5 exf5 35. Qe6 Rb8 36. Qxf7+ Kxf7 37. Re2 a5 38. Kf2 a4 39. Kf3 Rb6 40. Kf4 Rd6 41. b3 cxb3 42. axb3 axb3 43. Rb2 Re6 44. Rxb3 Re4+ 45. Kg3 Rg4+ 46. Kh3 f4 47. Rb7+ Kg8 48. Rb6 Rg3+ 49. Kh2 Kg7 50. Rf6 Rxc3 51. Rxf4 Re3 52. Kg2 Rd3 53. Kf2 1/2-1/2